Über einen Fall von Mikroencephalie ohne geistigen Defekt
Elmentve itt :
| Szerző: | |
|---|---|
| Dokumentumtípus: | Cikk |
| Megjelent: |
1932
|
| Sorozat: | Kolligátum
|
| Kulcsszavak: | Ideggyógyászat - központi idegrendszer |
| Online Access: | http://misc.bibl.u-szeged.hu/25188 |
| LEADER | 00574nab a2200169 i 4500 | ||
|---|---|---|---|
| 001 | misc25188 | ||
| 005 | 20191111110500.0 | ||
| 008 | 170916s1932 hu o 0|| ger d | ||
| 040 | |a SZTE Miscellanea Repozitórium |b hun | ||
| 041 | |a ger | ||
| 100 | 1 | |a Hechst Béla | |
| 245 | 1 | 0 | |a Über einen Fall von Mikroencephalie ohne geistigen Defekt |h [elektronikus dokumentum] / |c Hechst Béla |
| 260 | |c 1932 | ||
| 300 | |a 63-76 | ||
| 490 | 0 | |a Kolligátum | |
| 695 | |a Ideggyógyászat - központi idegrendszer | ||
| 856 | 4 | 0 | |u http://misc.bibl.u-szeged.hu/25188/1/015_022_063-076.pdf |z Dokumentum-elérés |